Central Library OPAC University of Rajshahi

Chemical kinetics - Surface and colloid chemistry / (Record no. 70664)

MARC details
000 -LEADER
fixed length control field 00736nam a2200241 a 4500
001 - CONTROL NUMBER
control field 70664
003 - CONTROL NUMBER IDENTIFIER
rucl marc code BD-RjUL
005 - DATE AND TIME OF LATEST TRANSACTION
control field 20211209082027.0
008 - FIXED-LENGTH DATA ELEMENTS--GENERAL INFORMATION
fixed length control field 170418s1966 enka|||| b||| 001 0 eng d
035 ## - SYSTEM CONTROL NUMBER
System control number (BD-RjUL)70878
040 ## - CATALOGING SOURCE
Original cataloging agency BD-RjUL
Language of cataloging eng
Transcribing agency BD-RjUL
Modifying agency BD-RjUL
041 ## - LANGUAGE CODE
Language code of text/sound track or separate title eng
082 ## - DEWEY DECIMAL CLASSIFICATION NUMBER
Edition number 23
Classification number 541.39
Author mark and year TRC 1966
100 ## - MAIN ENTRY--PERSONAL NAME
Personal name Trotman-Dickenson, A. F.
9 (RLIN) 209156
245 ## - TITLE STATEMENT
Title Chemical kinetics - Surface and colloid chemistry /
Statement of responsibility, etc. A. F. Trotman-Dickenson;G. D. Parfitt
250 ## - EDITION STATEMENT
Edition statement 1st ed.
260 ## - PUBLICATION, DISTRIBUTION, ETC. (IMPRINT)
Place of publication, distribution, etc. Oxford :
Name of publisher, distributor, etc. Pergamon,
Date of publication, distribution, etc. 1966.
300 ## - PHYSICAL DESCRIPTION
Pagination ix, 170 p. :
Illustrations ill. ;
Size 18 cm.
504 ## - BIBLIOGRAPHY, ETC. NOTE
Bibliography, etc Includes Bibliography and Index.
650 ## - SUBJECT ADDED ENTRY--TOPICAL TERM
Topical term or geographic name as entry element Chemical reactions
9 (RLIN) 209157
700 ## - ADDED ENTRY--PERSONAL NAME
Personal name Parfitt, G. D.
942 ## - ADDED ENTRY ELEMENTS (KOHA)
Source of classification or shelving scheme Dewey Decimal Classification
Koha item type Books
Holdings
Lost status Source of classification or shelving scheme Damaged status Not for loan Collection code Permanent Location Current Location Shelving location Date acquired Source of acquisition Cost, normal purchase price Total Checkouts Full call number Date last seen Copy number Koha item type
  Dewey Decimal Classification   Not For Loan Non-fiction Central Library, University of Rajshahi Central Library, University of Rajshahi Reading Room 09/12/2021 Zeithenger 29.00   541.39 TRC 1966 18/04/2017 C-1 Books